Flags by Horizontal Stripes #2 - Statistics

General Stats
  • This quiz has been taken 4,665 times
  • The average score is 12 of 16
Answer Stats
Picture Answer % Correct
Argentina
94%
San Marino
85%
Serbia
84%
Cambodia
82%
Sweden
82%
Libya
81%
Angola
78%
Zimbabwe
78%
Cape Verde
75%
Rwanda
75%
Mozambique
70%
Dominica
69%
Togo
67%
Vanuatu
63%
Cuba
48%
Myanmar
48%
No matching quizzes found
Score Distribution
Percent of People with Each Score
Percentile by Number Answered
Your Score History
You have not taken this quiz